जननायक शरद पवार (Record no. 80470)

MARC details
000 -LEADER
fixed length control field 00519nam a2200181Ia 4500
008 - FIXED-LENGTH DATA ELEMENTS--GENERAL INFORMATION
fixed length control field 090123s9999 xx 000 0 und d
082 ## - DEWEY DECIMAL CLASSIFICATION NUMBER
Item number 42394
100 ## - MAIN ENTRY--PERSONAL NAME
Personal name नलगे दिलीप
245 ## - TITLE STATEMENT
Title जननायक शरद पवार
250 ## - EDITION STATEMENT
Edition statement 1
260 ## - PUBLICATION, DISTRIBUTION, ETC. (IMPRINT)
Date of publication, distribution, etc 2007
300 ## - PHYSICAL DESCRIPTION
Extent 176
600 ## - SUBJECT ADDED ENTRY--PERSONAL NAME
Personal name नलगे दिलीप
630 ## - SUBJECT ADDED ENTRY--UNIFORM TITLE
Uniform title जननायक शरद पवार
700 ## - ADDED ENTRY--PERSONAL NAME
Personal name नलगे दिलीप
730 ## - ADDED ENTRY--UNIFORM TITLE
Uniform title जननायक शरद पवार
942 ## - ADDED ENTRY ELEMENTS (KOHA)
Koha item type Book
Holdings
Withdrawn status Lost status Damaged status Not for loan Home library Current library Date acquired Cost, normal purchase price Total Checkouts Full call number Barcode Date last seen Cost, replacement price Price effective from Koha item type
        Jawahar Wachalanalaya, Kalwa Jawahar Wachalanalaya, Kalwa 04/20/2008 170.00   42394 KLW-42394 01/23/2009 170.00 01/23/2009 Book